Thumbnail Convenience Quiz #9 - Statistics

General Stats
  • This quiz has been taken 3 times
  • The average score is 14 of 16
Answer Stats
Picture Answer % Correct
Avengers (Vol. 5)
100%
Fantastic Four: First Steps
100%
Flame On!
100%
Hulk Connect-the-Dots
100%
Iron Patriot (Sharon Carter)
100%
Shang-Chi
100%
Spider-Man & Black Cat
100%
Spider-Man Connect-the-Dots
100%
Thing & Alicia Masters
100%
Ultimate Spider-Man
100%
Wolverine Connect-the-Dots
100%
X-Men Ms. Marvel
100%
60's Marvel
67%
Secret Invasion
33%
She-Hulk & Scoundrel
33%
Typeface
33%
No matching quizzes found
Score Distribution
Percent of People with Each Score
Percentile by Number Answered
Your Score History
You have not taken this quiz